| 000 | 00527 a2200193 4500 | ||
|---|---|---|---|
| 003 | OSt | ||
| 005 | 20260316141808.0 | ||
| 008 | 260316b |||||||| |||| 00| 0 eng d | ||
| 020 | _a9789381849552 | ||
| 040 | _c. | ||
| 082 |
_a347.42052 _bSWA |
||
| 100 | _aSwamy, N. Maheshwara | ||
| 245 |
_aLaw Relating to Limitation : _bIn the context of other enactments / _cby Dr. N. Maheshwara Swamy |
||
| 250 | _a3rd ed. | ||
| 260 |
_aHyderabad: _bAsia Law House, _c2012 |
||
| 300 |
_a1214p.; _c24cm. |
||
| 650 | _aLaw | ||
| 942 |
_cBK _2ddc |
||
| 999 |
_c4315 _d4315 |
||